Globalization : a strategy for economic development (Record no. 491013)

MARC details
000 -LEADER
fixed length control field 00601nam a2200205Ia 4500
008 - FIXED-LENGTH DATA ELEMENTS--GENERAL INFORMATION
fixed length control field 210417s9999 xx 000 0 und d
020 ## - INTERNATIONAL STANDARD BOOK NUMBER
International Standard Book Number 9788182209176
-- 818220917X
082 ## - DEWEY DECIMAL CLASSIFICATION NUMBER
Classification number 338 SUK
Item number 22.338 SUK
245 #0 - TITLE STATEMENT
Title Globalization : a strategy for economic development
Statement of responsibility, etc. Globalization a strategy for economic development
250 ## - EDITION STATEMENT
Edition statement 1st ed.
Remainder of edition statement "xii, 173 p. ; 25 cm., hbk."
260 ## - PUBLICATION, DISTRIBUTION, ETC.
Place of publication, distribution, etc. New Delhi
Name of publisher, distributor, etc. Global Vision Publishing House
Date of publication, distribution, etc. 2017
700 ## - ADDED ENTRY--PERSONAL NAME
Personal name Sukanta Sarkar
Numeration Sukanta Sarkar and Muhammad Afsar Alam
Holdings
Withdrawn status Lost status Source of classification or shelving scheme Damaged status Not for loan Home library Current library Shelving location Date acquired Full call number Barcode Date last seen Price effective from Koha item type
    Dewey Decimal Classification     Anna Centenary Library Anna Centenary Library 4TH FLOOR, A WING 17.04.2021 338 SUK 611671 17.04.2021 17.04.2021 English Books

Find us on the map